00000000nam##2200000za#4500
0019.658365
003CaOODSP
00520200330102327
007ta
008150407|1996||||xxc|||||     f|0| 0 eng|d
020 |a0-662-62296-0
040 |aCaOODSP|beng
041 |aeng
041 |afre
043 |an-cn---
0861 |aSW21-16/1996
1101 |aCanada. |bStatus of Women Canada.
24510|aGender-based analysis : |ba guide for policy-making
260 |aOttawa - Ontario : |bStatus of Women Canada |c1996.
300 |aEnglish text, 31p. : |bfig. ; |c28 cm.
500 |a"In 1995, the federal government adopted a policy requiring federal departments and agencies to conduct gender-based analysis of future policies and legislation, where appropriate. This guide is a "hands-on" working document developed by Status of Women Canada to assist in the implementation of this government-wide policy. It is part of a pilot project designed to begin the implementation of this form of analysis over a period of five years."--Introduction.
5203 |aIn 1995, the federal government adopted a policy requiring federal departments and agencies to conduct gender-based analysis of future policies and legislation, where appropriate. This guide is a hands-on working document developed by Status of Women Canada to assist in the implementation of this government-wide policy. It is part of a pilot project designed to begin the implementation of this form of analysis over a period of five years.--Introduction
546 |aBilingual
563 |aSoftcover
590 |a96-12|b1996-03-22
69007|aStatus of women|2gcpds
7760#|tAnalyse comparative entre les sexes : |w(CaOODSP)9.633037
7760#|tGender-based analysis : |w(CaOODSP)9.688615
792 |tAnalyse comparative entre les sexes : |efre|w(CaOODSP)9.658366